Aspetti patogenetici dell'omosessualità
Saved in:
| Hovedforfatter: | |
|---|---|
| Format: | Bog |
| Sprog: | engelsk |
| Tags: |
Ingen Tags, Vær først til at tagge denne postø!
|
MARC
| LEADER | 00000nam a2200000 4500 | ||
|---|---|---|---|
| 005 | 20240724165656.0 | ||
| 008 | 240724b |||||||| |||| 00| 0 eng d | ||
| 040 | |c GP | ||
| 100 | |a Olivari, Gino | ||
| 245 | |a Aspetti patogenetici dell'omosessualità | ||
| 942 | |2 ddc |c BK |n 0 | ||
| 952 | |0 0 |1 0 |2 ddc |4 0 |6 132_750000000000000_OLI |7 1 |9 1695 |a RM |b RM |d 2024-07-24 |l 0 |o 132.75 OLI |p 439 |r 2024-07-24 16:57:15 |w 2024-07-24 |y BK | ||
| 999 | |c 1508 |d 1508 | ||